20 Smallest 1,000,000+ Cities - Statistics

General Stats
  • This quiz has been taken 229 times
    16 since last reset
  • The average score is 5 of 20
Answer Stats
Population Country City % Correct
1,040,000 United States E P El Paso
83%
1,000,000 Germany B Bremen
67%
1,000,000 United States F Fresno
58%
1,010,000 United States T Tucson
58%
1,010,000 United States L Louisville
42%
1,040,000 Mexico M Morelia
42%
1,010,000 South Korea C Changwon
25%
1,020,000 Nigeria Z Zaria
25%
1,040,000 Jordan I Irbid
17%
1,030,000 Iraq N Najaf
17%
1,030,000 China Q Qiqihar
17%
1,000,000 China L Linfen
8%
1,000,000 China L Liuyang
8%
1,030,000 China C Chuzhou
0%
1,030,000 China D Dongying
0%
1,020,000 China G Guigang
0%
1,020,000 China H Hengshui
0%
1,010,000 Saudi Arabia K M Khamis Mushait
0%
1,030,000 China L Langsfang
0%
1,020,000 China P Panjin
0%
No matching quizzes found
Score Distribution
Percent of People with Each Score
Percentile by Number Answered
Your Score History
You have not taken this quiz since the last reset